00656nam a22002178a 450000500170000000800410001701000140005802000260007202000230009803500130012103700150013404000180014908200120016710000230017924500730020226000400027530000310031550000520034665000170039865000230041520081024151836.0080626s2008 cau 000 0 eng  aENG-91770 a9780070229495c795.00 a007022949Xc795.00 aEN-75303 bDBAD / PUb adplbEnglish  a658.575 aBarkley, Bruce T.  aProject management in new product development /cby Bruce T. Barkley aNew Delhi bTata McGraw-Hill,c2008 axxxiii, 397p. c25cm (Hb)  aIncludes bibliographical references and index  aNew products aProduct management